| 000 | 01076nam a22002777a 4500 | ||
|---|---|---|---|
| 999 |
_c16075 _d16075 |
||
| 005 | 20221226152828.0 | ||
| 008 | 081001t xxu||||| |||| 00| 0 hin d | ||
| 010 | _aHIN-84239,HIN-124688 | ||
| 020 | _c125.00 | ||
| 020 |
_a9788188014389 _c300.00 |
||
| 035 | _aHN-56585 | ||
| 035 | _aHN-97034 | ||
| 037 | _bDBAD / PUB | ||
| 040 |
_aDPL _bHN |
||
| 082 | _a613.7046 | ||
| 100 | _aराजेश कुमार | ||
| 245 |
_aयोगासन और प्राणायाम / _cराजेश कुमार |
||
| 246 |
_aYogaasana aura pranayama _bby Rajesh Kumar |
||
| 260 |
_aदिल्ली _bअखिल भारती _c2008 |
||
| 270 |
_a3014, चर्खेवालान _bदिल्ली _e110006 |
||
| 300 |
_a96पृ _c22सेमी (सजिल्द) _bसचित्र |
||
| 500 | _aसमान ISBN 8188014389 शीर्षक 'कम्प्यूटर : एक अदभुत आविष्कार ' | ||
| 650 | _aयोगा | ||
| 650 | _aYoga | ||
| 942 |
_2ddc _cHN _h613.7046 _mराजेश |
||